| 000 | 00962nam a22002417a 4500 | ||
|---|---|---|---|
| 999 |
_c18955 _d18955 |
||
| 003 | AR-CdUCM | ||
| 008 | 190516b ||||| |||| 00| 0 spa d | ||
| 040 |
_aMUNICIPALIDAD PROVINCIAL DEL CUSCO _cBIBLIOTECA MUNICIPAL DEL CUSCO |
||
| 082 |
_24ed. _a540 / _bF59 |
||
| 100 |
_aFlechtner, Hans Joachim _939898 |
||
| 245 |
_aEl mundo en la retorta : _buna química moderna para todos / |
||
| 260 |
_aBarcelona : _bEdit. Labor, _c1955 |
||
| 300 |
_a440 paginas ; _bIlustraciones, formulas, cuadros, _c22 cm. |
||
| 500 | _aTitulo original : Flechtner, Die Wel in der retorte | ||
| 505 | _aContenido :Revista de las substancias -- los elementos -- las mezclas -- En el interior de las sustancias -- Átomos y moléculas... | ||
| 650 |
_aQuimica _94512 |
||
| 650 |
_aMezclas _939899 |
||
| 650 |
_aMoléculas _918681 |
||
| 650 |
_aSustancias toxicas _939900 |
||
| 700 |
_aBrugues, Casimiro (Traducción) _939901 |
||
| 942 |
_2ddc _cLIBROS |
||
| 945 |
_awnts _d2019-05-16 |
||